Регионална библиотека "Любен Каравелов" - Русе

Небесни корени (Запис номер 142478)

MARC детайли
000 -Лидер
Контролно поле с фиксирана дължина 01349nam a2200385 a 4500
003 - Код на организацията, давaща контролен номер
Контролно поле BLK
005 - Дата и час на последна редакция
Контролно поле 20240730162815.0
008 - Елементи от данни с фиксирана дължина
fixed length control field 180409b bul|||||r ||||||| ||bul||
010 ## - Наследен системен номер
LC control number KNG00148571000
040 ## - Източник на каталожния запис
Идентификатор на билиотеката - собственик на записа BLK
041 ## - Код за език
Код за езика на текст/звукозапис или на отделно заглавие Български
Код за езика КДБФ Български
072 #7 - Код за тематичната категория
Код организация bullib
Код за тематична категория Я
Текст Автографи
072 #7 - Код за тематичната категория
Код организация bullib
Код за тематична категория РА
Текст Русенски автори
072 #7 - Код за тематичната категория
Код организация bullib
Код за тематична категория К
Текст Краезнание
080 ## - УДК
Текстов определител УДК Българска литература
УДК код - определител по УДК 821.163.2
УДК определител -1
УДК - код + определител 821.163.2-1
100 ## - Редна дума - Автор
Автор Сокерова, Юлиана Манчева
Дати, свързани с автора 1951 - 2013
Автор - информация (биография) Русенска поетеса
R(LIN) 327635
139 ## - Редно поле
Редна дума Сокерова, Юлиана
Авторски знак Сок - С 50
245 10 - Сведения за заглавието
Заглавие Небесни корени
Подзаглавни данни Лирика
Редно поле (дума) Юлиана Сокерова; рис. Антоний Софев.
257 ## - Страна на издаване
Страна на създаване/издаване България
260 ## - Област на издателските данни
Място на издаване, разпространение и проч. Русе
Година на издаване 1992
Печатница Русе : Дунав-прес
300 ## - Физическа характеристика
Страници 64 с.
Размери/Мащаб 18 см
380 ## - Жанр
Жанр Худож. лит.
659 ## - Тематичен бюлетин
Тематичен бюлетин К
659 ## - Тематичен бюлетин
Тематичен бюлетин Я
700 1# - Други автори (авторска отговорност)
Лично име Софев, Антоний Димитров
Дати, свързани с автора 1958 -
Автороска отговорност (Описва отношението между автора и произведението) рис.
9 (RLIN) 122352
852 ## - Местоположение
Форматна сигнатура Цб 168988
852 ## - Местоположение
Форматна сигнатура К 821.163.2/С 50 Ю
856 4# - Електронен адрес и достъп
Електронен формат pdf - файл
Инструкция (цена за достъп) 0.00
Права за достъп disable
856 4# - Електронен адрес и достъп
Електронен формат pdf - файл
Инструкция (цена за достъп) 0.00
Права за достъп disable
999 ## - СИСТЕМНИ КОНТРОЛНИ НОМЕРА
Koha biblionumber 142478
Koha biblioitemnumber 142478
942 ## - АРТИКУЛИ
Вид на библиотечния материал Книги
Скрит в OPAC Не
Периодичен библиозапис Да
944 ## - СЪЗДАВАНЕ И РЕДАКЦИЯ на ЗАПИСА
Създаване/Редакция Създаване
Дата на регистрацията/редакция 06.08.2013
Служител, извършил регистрацията/редакцията 30560
Статус, дата на статуса Геновева Генчева
944 ## - СЪЗДАВАНЕ И РЕДАКЦИЯ на ЗАПИСА
Създаване/Редакция Редакция
Дата на регистрацията/редакция 11.08.2016
Служител, извършил регистрацията/редакцията Вася_Ганчева
999 ## - СИСТЕМНИ КОНТРОЛНИ НОМЕРА
Koha biblioitemnumber 142478
999 ## - СИСТЕМНИ КОНТРОЛНИ НОМЕРА
Koha biblioitemnumber 142478
Наличности
Код за отписване Код за изгубен артикул Източник на класификационната схема Код за повреда Коз за рестрикции Код за отдаване Артикулен № Име на библиотеката - собственик Име на библиотеката, в която се намира в момента Статус (Текущо местоположение) Дата на вписване в системата Местоположение - отдел Цена в лева Инвентарен номер Систематично азбучна сигнатура Баркод Номер на екземпляра Цена в евро Служебна бележка Служебен тип на артикула
  Не е изгубен Universal Decimal Classification Не е повреден без рестрикции ползва се в читалня 235735 Регионална библиотека "Любен Каравелов" Русе Регионална библиотека "Любен Каравелов" Русе Хранилище 1992-01-01 Хранилище 20.00 568720 Цб 168988 120000568720 1 10.23 N: стар фонд Дата: 01.01.1992 Книги
  Не е изгубен Universal Decimal Classification Не е повреден без рестрикции ползва се в читалня 235736 Регионална библиотека "Любен Каравелов" Русе Регионална библиотека "Любен Каравелов" Русе Краезнание 1992-01-01 Краезнание 0.00 576444 К 821.163.2/С 50 Ю 120000576444 2 0.00 N: стар фонд Дата: 01.01.1992 Дата инв: 15.11.2017 Бележки инв: К2017 Книги
Vip Innovations Ltd, Rousse, Bulgaria 2025